01160nab a22002417a 4500003000400000005001700004008004100021040000700062100003000069245010300099260004200202300001300244500003600257505029200293505008900585650002000674650002400694650001600718650003300734650002400767650001300791773011400804OSt20260223134302.0190506c xxu||||| |||| 00| 0 spa d cPJ aBarrios Colman, Noelia A.10aPrincipales modificaciones a la Ley de Teletrabajo por el DNU 70-2023 /cNoelia A. Barrios Colman. aBuenos Aires :bAbeledoPerrot,c2024. ap. 12-18 aCita: TR LALEY AR/DOC/837/2024. aSumario: I. Introducción.— II. Tareas de cuidados ¿a quién se quiere cuidar?— III. Reversibilidad ¿para quién?— IV. Prestaciones transnacionales y ley aplicable.— V. Autoridad de aplicación.— VI. Conclusión: se pretende regular desregulando.— VII. Bibliografía. t¿Te interesa el texto completo? Comunicate al correo: koha@justierradelfuego.gov.ar 0aDERECHO LABORAL 0aCONTRATO DE TRABAJO 0aTELETRABAJO 0aTECNOLOGIA DE LA INFORMACION 0aDERECHO INFORMATICO 0aPANDEMIA0 02751dBuenos Aires : AbeledoPerrot, 2013-tRevista de derecho laboral y seguridad social. Nº 10 - Mayo 2024